Catálogo
 En Linea

Biografía de Jose Cecilio del Valle / (Registro nro. 18732)

Detalles MARC
000 -CABECERA
campo de control de longitud fija 00701cam a2200205 a 4500
001 - NÚMERO DE CONTROL
campo de control 000019214
005 - FECHA Y HORA DE LA ÚLTIMA TRANSACCIÓN
campo de control 20200929165943.0
008 - DATOS DE LONGITUD FIJA--INFORMACIÓN GENERAL
campo de control de longitud fija 750813s1971 ho 000 0 spa d
040 ## - FUENTE DE LA CATALOGACIÓN
Centro catalogador/agencia de origen DO-SdBNP
Lengua de catalogación spa
Centro/agencia transcriptor LC
Centro/agencia modificador BNPHU
050 00 - SIGNATURA TOPOGRÁFICA DE LA BIBLIOTECA DEL CONGRESO
Número de clasificación F1438.V175
Número de documento/Ítem R6 1971
082 ## - NÚMERO DE LA CLASIFICACIÓN DECIMAL DEWEY
Número de clasificación nn*
Número de documento/Ítem nn*
049 ## - FONDOS LOCALES (OCLC)
Fondos de biblioteca BNGR
100 1# - ENTRADA PRINCIPAL--NOMBRE DE PERSONA
Nombre de persona Rosa, Ramón,
Fechas asociadas al nombre 1848-1893.
9 (RLIN) 3508
245 10 - MENCIÓN DE TÍTULO
Título Biografía de Jose Cecilio del Valle /
Mención de responsabilidad, etc. Ramón Rosa.
260 ## - PUBLICACIÓN, DISTRIBUCIÓN, ETC.
Lugar de publicación, distribución, etc. [Tegucigalpa] :
Nombre del editor, distribuidor, etc. Oficina de relaciones Públicas, Presidencia de Honduras,
Fecha de publicación, distribución, etc. [1971].
300 ## - DESCRIPCIÓN FÍSICA
Extensión 118 p. ;
Dimensiones 22 cm.
600 10 - PUNTO DE ACCESO ADICIONAL DE MATERIA--NOMBRE DE PERSONA
Nombre de persona Valle, Jose Cecilio del,
Fechas asociadas al nombre 1777-1834.
9 (RLIN) 41341
651 #0 - PUNTO DE ACCESO ADICIONAL DE MATERIA--NOMBRE GEOGRÁFICO
Nombre geográfico Central America
Subdivisión general Politics And Government.
9 (RLIN) 41342
910 ## - DATOS DE OPCIÓN DEL USUARIO (OCLC)
Datos de opción del usuario Catalogación derivada / LC
Existencias
Estado de retiro Estado de pérdida Restricciones de uso No para préstamo Código de colección Localización permanente Ubicación/localización actual Ubicación en estantería Fecha de adquisición Número de inventario Total de préstamos Signatura topográfica completa Código de barras Fecha visto por última vez Precio válido a partir de Tipo de ítem Koha
        Monografías: Libros y Folletos General General En catalogación 28.05.2010 LF1   nn* nn* 19214-10 25.06.2020 25.06.2020 Préstamo en sala

Con tecnología Koha